| 000 | 00721nam a2200253Ia 4500 | ||
|---|---|---|---|
| 001 | dia_4164 | ||
| 003 | CHAP | ||
| 005 | 20230111183302.0 | ||
| 007 | ta | ||
| 008 | 220117s1981 mx f 000 0 spa d | ||
| 010 | _a174797 | ||
| 040 |
_cCHAP _amxchpua |
||
| 090 | _aFOLLETO 2228 | ||
| 100 | 1 |
_aBarrera V., Roberto _9155710 |
|
| 245 | 1 | 0 |
_aCurso de relaciones industriales / _cRoberto Barrera V. |
| 260 |
_aChapingo, México : _bUACh. Departamento de Industrias Agrícolas, _c1981 |
||
| 300 | _a5 páginas | ||
| 500 | _aS/c | ||
| 650 | 1 | 3 |
_aRelaciones industriales _995817 |
| 901 | _aFOLLETO 2228 | ||
| 902 | _aM | ||
| 905 | _a0000001981 mx 0000000000spa00 | ||
| 942 |
_cFOLL _2local |
||
| 999 |
_c174797 _d174797 |
||